000 00604nam a2200181Ia 4500
003 GCL
008 140319s9999 xx 000 0 ara d
040 _aGCL /
_cGCL
082 0 4 _a349.2
_bع.ق
100 1 _aعبدالحميد متولى
245 1 0 _aالقانون الدستورى والانظمة السياسية /
_cعبدالحميد متولى
260 _a[S.N] :
_bمنشاة المعارف الاسلامية ،
_c1993
300 _a486 ص
490 _aسلسلة الكتب القانونية
_v0
650 0 4 _aالقانون
650 0 4 _aالقانون العام
942 _2ddc
_cBK
999 _c53904
_d53904